| 000 -LEADER |
| fixed length control field |
01015nam a2200241Ia 4500 |
| 001 - CONTROL NUMBER |
| control field |
7921 |
| 003 - CONTROL NUMBER IDENTIFIER |
| control field |
GE_BSU |
| 005 - DATE AND TIME OF LATEST TRANSACTION |
| control field |
20220930151651.0 |
| 008 - FIXED-LENGTH DATA ELEMENTS--GENERAL INFORMATION |
| fixed length control field |
181216sru 2012xx |||||||||||||| ||rus|| |
| 020 ## - INTERNATIONAL STANDARD BOOK NUMBER |
| International Standard Book Number |
9785756706727 |
| 040 ## - CATALOGING SOURCE |
| Transcribing agency |
GE_BSU |
| 080 ## - UNIVERSAL DECIMAL CLASSIFICATION NUMBER |
| Universal Decimal Classification number |
327.1(075.8) И-90 |
| 100 ## - MAIN ENTRY--PERSONAL NAME |
| Personal name |
Борисов,Ф.Ю. |
| 9 (RLIN) |
14937 |
| 245 ## - TITLE STATEMENT |
| Title |
История международных отношений Т.2. Межвоенный период и Вторая мировая война / |
| Statement of responsibility, etc. |
Ф.Ю. Борисов, Н.Е. Клейменова, Ред.Сидоров А.Ю. |
| 264 ## - PRODUCTION, PUBLICATION, DISTRIBUTION, MANUFACTURE, AND COPYRIGHT NOTICE |
| Place of production, publication, distribution, manufacture |
Москва : |
| Name of producer, publisher, distributor, manufacturer |
Аспект Пресс, |
| Date of production, publication, distribution, manufacture, or copyright notice |
2012. |
| 300 ## - PHYSICAL DESCRIPTION |
| Extent |
496 стр.: |
| Dimensions |
22 см. |
| 653 ## - INDEX TERM--UNCONTROLLED |
| keyword |
История международных отношений |
| 653 ## - INDEX TERM--UNCONTROLLED |
| keyword |
Межвоенный период и Вторая мировая война |
| 653 ## - INDEX TERM--UNCONTROLLED |
| keyword |
პოლიტიკა |
| 700 ## - ADDED ENTRY--PERSONAL NAME |
| Personal name |
Клейменова,Н.Е. |
| 9 (RLIN) |
14938 |
| 700 ## - ADDED ENTRY--PERSONAL NAME |
| Personal name |
Сидоров А.Ю. |
| Relator term |
რედაქტორი |
| 9 (RLIN) |
14939 |
| 942 ## - ADDED ENTRY ELEMENTS (KOHA) |
| Koha item type |
წიგნი |
| Source of classification or shelving scheme |
|